Too Comfortable - Future (Full lyrics) - Statistics

General Stats
  • This quiz has been taken 5 times
  • The average score is 272 of 585
Answer Stats
Lyrics % Correct
comfortable
100%
comfortable,
100%
G,
100%
to,
100%
to
100%
too
100%
a
75%
be
75%
Bitch,
75%
do
75%
don't
75%
get
75%
I
75%
all
50%
and
50%
And
50%
Better
50%
I'm
50%
in
50%
it
50%
livin'
50%
my
50%
nigga
50%
not
50%
of
50%
off
50%
on
50%
the
50%
you,
50%
you
50%
You
50%
63,
25%
amount
25%
animal
25%
another
25%
attention,
25%
back
25%
bag
25%
bean
25%
beanie
25%
because
25%
been
25%
between,
25%
beyond
25%
bitches
25%
blackanese
25%
bling,
25%
blunt,
25%
bond,
25%
'bout
25%
bulletproof
25%
but
25%
Came
25%
can
25%
Can't
25%
Caught
25%
Celine,
25%
certain
25%
chinchilla
25%
chopper
25%
close
25%
colossal
25%
couldn't
25%
coupe,
25%
cup
25%
cut
25%
Cut
25%
danger
25%
designed
25%
did
25%
done
25%
draped
25%
duffle
25%
eatin'
25%
Eatin'
25%
'em
25%
even
25%
exclusive
25%
faithful
25%
federal
25%
few
25%
fine,
25%
five
25%
flyin'
25%
for
25%
Four
25%
four
25%
fragrance
25%
Fuck
25%
full
25%
game
25%
genie
25%
girl
25%
Givenchy
25%
go
25%
goin'
25%
Got
25%
got
25%
gotta
25%
Gotta
25%
grateful
25%
hard
25%
He
25%
her
25%
his
25%
hoes,
25%
hope
25%
how
25%
hundred
25%
If
25%
I'll
25%
I'ma
25%
impeccable
25%
independent
25%
It's
25%
it's
25%
just
25%
keep
25%
king,
25%
king
25%
know
25%
Lamborghini,
25%
lifetime
25%
light
25%
like
25%
look
25%
Louis
25%
me
25%
me,
25%
mind
25%
month
25%
more
25%
mud
25%
mulah
25%
niggas
25%
now
25%
or
25%
out
25%
out,
25%
pay
25%
Pocahontas,
25%
Pretty
25%
probation,
25%
publicity
25%
Pucci
25%
put
25%
Put
25%
queen
25%
Range
25%
read
25%
really
25%
revoked
25%
roll
25%
Rolls
25%
roof,
25%
Royce
25%
said
25%
scene
25%
Seen
25%
shawty
25%
she
25%
shit
25%
shoot
25%
Showin'
25%
Simply
25%
sober
25%
son
25%
spinnin'
25%
Spray
25%
stacks
25%
star,
25%
stay
25%
Step
25%
strangers,
25%
stuff
25%
stunt,
25%
Swapped
25%
swerve
25%
talkin'
25%
tangible
25%
team,
25%
team
25%
Tell
25%
than
25%
that
25%
Then
25%
these
25%
They
25%
they
25%
think
25%
thinkin'
25%
this
25%
Three,
25%
three
25%
throat
25%
through
25%
time
25%
treacherous
25%
treat
25%
tropical
25%
Turbo
25%
up
25%
V
25%
vegetables
25%
vibes
25%
was
25%
wastin'
25%
way
25%
wearin'
25%
went
25%
were
25%
what
25%
when
25%
wild
25%
winnin'
25%
with
25%
yeah
25%
Yeah,
25%
your
25%
you're
25%
You're
25%
yourself,
25%
No matching quizzes found
Score Distribution
Percent of People with Each Score
Percentile by Number Answered
Your Score History
You have not taken this quiz